000 01270nam a2200229Ia 4500
003 Ost
005 20260507074900.0
008 260507s9999||||xx |||||||||||||| ||und||
040 _cfsecg
041 _aara
082 _a332.1
100 _aعقل، مفلح محمد
_eمؤلف
245 0 _aوجهات نظر مصرفية /
_c مفلح محمد عقل
260 _aعمان:
_bمكتبة المجتمع العربي للنشر والتوزيع,
_c2006
300 _a605 صفحة؛
_bإيضاحات ؛
_c25 سم
520 _aأسعار الفائدة واتجاهاتها في السوق الأردنية، البنوك الأردنية على أعتاب القرن 21، الصناعة المصرفية، التعاون الإقتصادي العربي، سياسات الإصلاح الإقتصادي في الدول النامية، تمويل التنمية، السياسة النقدية وأسعار الفائدة في السوق الأدرني، الدور المستقبلي لسوق عمان المالية، القطاع المصرفي الأردني، الأوراق التجارية
653 _aالأردن- البنوك
653 _aالبنوك
653 _aالسياسة النقدية
653 _aالسيولة
942 _cكتاب
999 _c41649
_d41649